Pedgrift and others v Oxfordshire County Council (Record no. 35590)

MARC details
000 -LEADER
fixed length control field 01565cab a2200217 4500
001 - CONTROL NUMBER
control field ABS46452
008 - FIXED-LENGTH DATA ELEMENTS--GENERAL INFORMATION
fixed length control field 090401t xxu||||| |||| 00| 0 eng d
035 ## - SYSTEM CONTROL NUMBER
System control number (Sirsi) u58318
041 ## - LANGUAGE CODE
Language code of text/sound track or separate title eng
245 ## - TITLE STATEMENT
Title Pedgrift and others v Oxfordshire County Council
350 ## - PRICE (NR) (BK AM CF MU VM SE) [OBSOLETE]
Price 0
490 ## - SERIES STATEMENT
Series statement Property and Compensation Reports
Volume/sequential designation 63 P&CR 246-259(7)
520 ## - SUMMARY, ETC.
Summary, etc. CA 31 July 1991. An appeal by the plaintiffs (P) against a decision concerning the validity of planning permission for the extraction of limestone. In 1947, Wallace Industries were granted permission to extract limestone from land that they owned, subject to conditions, including `access to the site was to be way of the road from Stourwell Barn to Wigginton Heath, this road to be improved to the reas- onable satisfaction of the county surveyor`. No mineral workings were carried out, and no improvements to the road were made. P sought a declaration that the planning permission for mineral workings was still valid. High Court held that the condition affected land outside the control of the applicant, and was void. P appealed. Held, dismissing the appeal that the condition was invalid as it imposed positive obligations on P to carry out work on land outside his control which were unreasonable, and secondly it was not clear that the landowner could ensure that the conditions were complie
650 ## - SUBJECT ADDED ENTRY--TOPICAL TERM
Topical term or geographic name entry element ACCESS ROAD
650 ## - SUBJECT ADDED ENTRY--TOPICAL TERM
Topical term or geographic name entry element PLANNING CONDITIONS
650 ## - SUBJECT ADDED ENTRY--TOPICAL TERM
Topical term or geographic name entry element PLANNING PERMISSION
650 ## - SUBJECT ADDED ENTRY--TOPICAL TERM
Topical term or geographic name entry element VALIDITY
690 ## - LOCAL SUBJECT ADDED ENTRY--TOPICAL TERM (OCLC, RLIN)
Topical term or geographic name as entry element PLANNING LAW AND PRACTICE-CASE LAW
942 ## - ADDED ENTRY ELEMENTS (KOHA)
Suppress in OPAC 0
948 ## - LOCAL PROCESSING INFORMATION (OCLC); SERIES PART DESIGNATOR (RLIN)
c (OCLC) 04/03/1997
Holdings
Withdrawn status Lost status Source of classification or shelving scheme Damaged status Not for loan Home library Current library Shelving location Date acquired Total Checkouts Full call number Barcode Date last seen Copy number Price effective from Koha item type
    Dewey Decimal Classification     London London Journal article 14/09/1999   ABS46452 58318-1001 06/08/2019 1 06/08/2019 Law report